Thí nghiệm hóa đại cương

Wedi'i Gadw mewn:
Manylion Llyfryddiaeth
Awdur Corfforaethol: Bộ môn Công nghệ Hóa vô cơ
Fformat: Llyfr
Iaith:Undetermined
Cyhoeddwyd: Thành phố Hồ Chí Minh Đại học Quốc gia Thành phố Hồ Chí Minh 2004
Pynciau:
Tagiau: Ychwanegu Tag
Dim Tagiau, Byddwch y cyntaf i dagio'r cofnod hwn!
Thư viện lưu trữ: Trung tâm Học liệu Trường Đại học Cần Thơ
LEADER 00681nam a2200205Ia 4500
001 CTU_64484
008 210402s9999 xx 000 0 und d
020 |b 9000 
082 |a 540.028 
082 |b B450 
110 |a Bộ môn Công nghệ Hóa vô cơ 
245 0 |a Thí nghiệm hóa đại cương 
245 0 |c Bộ môn Công nghệ Hóa vô cơ 
260 |a Thành phố Hồ Chí Minh 
260 |b Đại học Quốc gia Thành phố Hồ Chí Minh 
260 |c 2004 
650 |a Chemistry 
650 |x Laboratory, manuals, etc. 
904 |i Minh(Nguyênsửa) 
980 |a Trung tâm Học liệu Trường Đại học Cần Thơ